00334nam a22001457a 4500020001800000082001400018100001400032245002800046250001200074260003200086300001000118650002000128650002500148650001500173 a9789359625829 aM3bJIS/M aJisa Jose aMudritha/cby Jisa Jose a7th ed. aKottayam:bDC books,c2025. a292p. aNovel Malayalam aLiterature Malayalam aLiterature